UBT Library

GAZETARIA ONLINE NE KOSOVES DHE NE RAJON,ETIKA DHE SFIDAT E VETERREGULLIMIT (Record no. 60593)

000 -LEADER
fixed length control field 00403nam a22001457a 4500
008 - FIXED-LENGTH DATA ELEMENTS--GENERAL INFORMATION
fixed length control field 240212b ||||| |||| 00| 0 eng d
020 ## - INTERNATIONAL STANDARD BOOK NUMBER
International Standard Book Number 9789951550963
041 ## - LANGUAGE CODE
Language code of text/sound track or separate title SHQIP
080 ## - UNIVERSAL DECIMAL CLASSIFICATION NUMBER
Edition identifier UBT 2024
Universal Decimal Classification number 070
082 ## - DEWEY DECIMAL CLASSIFICATION NUMBER
Classification number 070SAB
100 ## - Rafti
Rafti 18
101 ## - Shkurtesa
Shkurtesa AMD-ART MEDIA DIGJITALE
245 ## - TITLE STATEMENT
Title GAZETARIA ONLINE NE KOSOVES DHE NE RAJON,ETIKA DHE SFIDAT E VETERREGULLIMIT
Statement of responsibility, etc MUSA SABEDINI
942 ## - ADDED ENTRY ELEMENTS (KOHA)
Source of classification or shelving scheme
Item type Books
Holdings
Withdrawn status Lost status Source of classification or shelving scheme Damaged status Not for loan Collection code Permanent location Current location Date acquired Total Checkouts Full call number Barcode Date last seen Price effective from Koha item type
          Koleksioni i përgjithshem UBT - Lipjan UBT - Lipjan 02/12/2024   070SAB 002-800070604 02/12/2024 02/12/2024 Books
          Koleksioni i përgjithshem UBT - Lipjan UBT - Lipjan 02/12/2024   070SAB 002-800070605 02/12/2024 02/12/2024 Books
          Koleksioni i përgjithshem UBT - Lipjan UBT - Lipjan 02/12/2024   070SAB 002-800070606 02/12/2024 02/12/2024 Books
UBT Library © 2015-2024. All rights reserved University Education for Business and Technology